|
|
|
|
| LEADER |
01190nam a2200301 u 4500 |
| 001 |
10017322 |
| 003 |
upatras |
| 005 |
20210126143708.0 |
| 008 |
881025s1989 eng |
| 020 |
|
|
|a 354057204X
|
| 040 |
|
|
|a ΠΑΝΕΠΙΣΤΗΜΙΟ ΠΑΤΡΑΣ
|c ΠΑΝΕΠΙΣΤΗΜΙΟ ΠΑΤΡΑΣ
|
| 041 |
0 |
|
|a eng
|
| 082 |
0 |
4 |
|a 570.151 95
|
| 100 |
1 |
|
|a Murray, James D.
|9 9027
|
| 245 |
1 |
0 |
|a Mathematical biology
|c J. D. Murray
|
| 250 |
|
|
|a 2nd edition
|
| 260 |
|
|
|a Berlin
|b Sringer-Verlag
|c 1989
|
| 300 |
|
|
|a xiv, 767 p.
|b fig.
|c 25 cm
|
| 490 |
0 |
|
|a Biomathematics
|v 19
|
| 500 |
|
|
|a Corrected edition with 292 figures
|
| 505 |
1 |
|
|a Includes appendices, bibliography and index
|
| 650 |
|
4 |
|a Βιολογία
|x Επεξεργασία δεδομένων
|9 38384
|
| 650 |
|
4 |
|a Βιολογία
|x Μαθηματικά
|9 64067
|
| 760 |
1 |
|
|a Biomathematics
|g 19
|
| 852 |
|
|
|a GR-PaULI
|b ΠΑΤΡΑ
|b ΒΚΠ
|b ΒΣ1
|k ΑΣΧΞ
|h 570.151 95 Μ
|m 35595
|p 025000069060
|t 1
|
| 942 |
|
|
|2 ddc
|c BK15
|
| 952 |
|
|
|0 0
|1 0
|4 0
|6 570_151000000000000_95_Μ
|7 0
|9 168094
|a LISP
|b LISP
|c BSC
|d 2016-04-24
|i 35595
|l 2
|m 1
|o 570.151 95 Μ
|p 025000069060
|r 2019-01-23 00:00:00
|s 2019-01-09
|t 1
|w 2016-04-24
|y BK15
|
| 999 |
|
|
|c 105123
|d 105123
|